000 00625nam a2200229Ia 4500
005 20230607131710.0
008 131103s9999 xx 000 0 und d
020 _cRs. 80
040 _aLoreto College
041 _aEnglish
082 _a808.3
_bKUN
100 _aKundera
245 4 _aThe Art of novel
_cKundera;translated by Linda Asher
260 _aNew Delhi
_bRupa & Co.
_c1993
300 _a[8],165 p.
504 _aFirst published in French as L'Art Du Roman 1988
650 _aLiterature -
651 _aRhetoric - Novel - Art - Novel -
700 _aAsher, Linda, tr.
850 _aLCLIB
942 _cBK
999 _c1628
_d52107